Quizzes
Events
Quiz Creation
Community
Videos
Private Events
Remove Ads
Sign In
Join for FREE
Feedback
Dark Mode
Quiz Categories
Sports
Geography
Music
Movies
Television
Just For Fun
Miscellaneous
History
Literature
Language
Science
Gaming
Entertainment
Religion
Holiday
For Kids
Quiz Lab
Recent
Popular Today
Quiz Kudos Today
Editor Picks
Curator Picks
Quizzes by...
Day
Popularity
Type
Ratings
Length
Year
Community
Subscriptions
Recent Discussions
Orange Saloon
Badges
Playlists
Quests
Create
Leaderboards
Showdown
Live 5
Trivia Bingo
Activity
Puzzle Library
Sporcle Events
Private Events
Virtual Trivia
Globe League
Become a Host
Pub Owners
SporcleCon
Opinionation
Our Games
Videos
Blog
Mobile Apps
Partnerships
Remove Ads and Go Orange
Feedback
Geography
Country
Landmarks
City
State
Population
World
Capital
Continent
Flags
Europe
Africa
Asia
South America
North America
Oceania
Border
Canada
United Kingdom
Topography
United States
Geography
Country
Landmarks
City
State
Population
World
Capital
Continent
Flags
Europe
Africa
Asia
South America
North America
Oceania
Border
Canada
United Kingdom
Topography
United States
Random Quiz
Search Sporcle
×
Quiz Lab
Quiz Lab
Geography
Country
Type in answers that appear in a list
Type in answers that appear in a list
Classic
Best Score? Go Orange.
Heart Disease Deaths by Country Stats
Can you name the countries with the highest number of deaths caused by cardiovascular disease?
By
EssessNine97
5m
30 Questions
408 Plays
408 Plays
408 Plays
Comments
Comments
Give Quiz Kudos
Give Quiz Kudos
-
- Ratings
hide this ad
More Info
Replay
Link that replays current quiz
Next Quiz
Link to next quiz in quiz playlist
You Got
0%
They Got
Avg Score
71%
Avg Friend Score
Upgrade to see
Score Distribution
Jump to the score distribution portion of the page
Score
0/30
Timer
05:00
0
Plays Today
Rank
Country
% Correct
4.
United States
99.5%
1.
China
95.6%
3.
Russia
93.1%
13.
United Kingdom
92.6%
18.
France
91.2%
2.
India
90.9%
8.
Germany
90%
9.
Japan
87.3%
7.
Brazil
85.8%
24.
Mexico
85.5%
12.
Italy
85.3%
25.
Spain
84.8%
29.
Argentina
75%
28.
South Africa
72.3%
10.
Pakistan
71.3%
Rank
Country
% Correct
17.
Poland
70.6%
5.
Indonesia
69.6%
15.
Egypt
69.4%
16.
Turkey
67.9%
20.
Iran
66.9%
6.
Ukraine
66.4%
30.
Thailand
59.3%
19.
Vietnam
54.7%
11.
Bangladesh
54.2%
14.
Nigeria
52.5%
23.
Philippines
50.5%
21.
Romania
42.9%
22.
Myanmar
36.8%
26.
Ethiopia
35.8%
27.
Kazakhstan
35.3%
Quiz Playlist
Details
Report
Send in Message
Add To Playlist
More Info:
(data acquired in 2004)
Classic:
Type in answers that appear in a list
Quiz Source
Last Updated: Feb 16, 2017
Quiz Scoreboard
CHALLENGE
Sign Up to Join the Scoreboard
Show All
Scores
Hide
Comments
May contain spoilers
Recently Published
An Introduction to Baseball
by treessimontrees
Sports
5m
Movies - When Are They Set?
by FPL_Elf
Movies
5m
Popular People in 1961
by mucciniale
History
6m
More to Explore
Quiz From the Vault
Featured Blog Post
Where Did the Easter Bunny Come From?
hide this ad
You Might Also Like...
Tags
Country Quiz
Cardiovascular
death
disease
heart
highest
Today's Top Quizzes in Geography
Browse Geography
hide this ad
Today's Top Quizzes in Country
Browse Country
Top Contributed Quizzes in Geography
1
Countries of the World - No Outlines Minefield
2
Top 25 Cities of France on a map
3
Closest Countries to UK A-Z
4
One Thing in Common: United Kingdom
5
Any capital of a 'B' country per Continent
6
Blind Secret Country CLXXXVIII
7
African Flag Reveal XLV
8
Blind Ultimate Minefield: USA
9
Find the US States - No Outlines
10
One Thing in Common: Asia
Explore More
Trending Topics
Kpop
Harry Potter
Anime
Disney
NBA
Marvel
Crossword
The Office
Puzzle
Soccer
NFL
Country
WWE
Pokémon
Song
hide this ad
More By:
EssessNine97
Quiz
Plays
Rating
Category
Featured
Created
Best-Selling Car Brands (Europe)
64,171
4.52
Miscellaneous
Mar 8, 2012
A Tourist's View of Berlin
54,820
3.69
Geography
Aug 19, 2014
World's Largest Militaries by Firepower
19,201
4.60
Geography
Mar 30, 2011
Best-selling Car Brands (Europe 2010)
4,057
4.45
Entertainment
Mar 1, 2011
Berlin Boroughs and Localities (map)
2,644
5.00
Geography
Aug 20, 2014
Go to Creator's Profile
Score Distribution
Quiz Creator Spotlight
EssessNine97
Follow
Send a Message
Quizzes Created
-
Created Quiz Play Count
-
More By This Creator
Popular Quizzes Today
1
Find the Countries of Europe - No Outlines Minefield
2
Find the US States - No Outlines Minefield
3
The Countries of the World
4
Popular People in 1961
5
US States
6
1-10 Letter E Words III
7
Find the US States
8
One Thing in Common: World Cities II
More Geography Quizzes
Asia Populous Cities
Published
Trending Quizzes
Risky Map Clicking: Least Populous States A-Z
1-10 Letter F Words
1-10 Letter G Words
One Thing in Common: United Kingdom
Risky Map Clicking: Next State Alphabetically
Recently Updated
Leaping Animals
pecheneg
Reality TV Shows (A-Z)
bhenderson79
Rickey Henderson's Hall of Fame Teammates
pecheneg
Champions League XIs: Arsenal
pecheneg
Quick Pick: Celebrities in WWE's Hall of Fame
aduchscher
A-Z Keypad Blitz II
pecheneg
Multiple Oscar Actors
pecheneg
Mystery Phrase Blitz: Oscar 'Best Actors'
pecheneg
F. Scott Fitzgerald Novels
LTH
Pick 3 Villains
ddd62291
Trending Topics
Anime
Crossword
Marvel
Harry Potter
Disney
Kpop
NBA
WWE
Soccer
Song
Puzzle
NFL
Country
Pokémon
The Office
Your Account Isn't Verified!
In order to create a playlist on Sporcle, you need to verify the email address you used during registration. Go to your
Sporcle Settings
to finish the process.
Report this User
Report this user for behavior that violates our
Community Guidelines
.
Details:
Send Report
Go to the Sporcle.com Mobile Site →
Comments